Niektorí ekonómovia na Slovensku pred rokom 1848

Pôsobenie ekonómov na vysokých školách v období pred rokom 1848. Ekonómia a kameralistika na Trnavskej univerzite. Kolégium politicko-ekonomicko-kamerálnych vied v Senci. Kameralistika na kráľovských akadémiách. Niektorí významní ekonómi na začiatku 19. storočia.

Saved in:
Bibliographic Details
Main Author: Unčovský, Ladislav
Format: Book Chapter
Language:Slovak
Subjects:
Tags: Add Tag
No Tags, Be the first to tag this record!

MARC

LEADER 00000naa a2200000 4500
001 0136546
005 20230918093810.1
041 0 |a slo 
044 |a SK 
245 1 0 |a Niektorí ekonómovia na Slovensku pred rokom 1848  |c Ladislav Unčovský 
520 |a Pôsobenie ekonómov na vysokých školách v období pred rokom 1848. Ekonómia a kameralistika na Trnavskej univerzite. Kolégium politicko-ekonomicko-kamerálnych vied v Senci. Kameralistika na kráľovských akadémiách. Niektorí významní ekonómi na začiatku 19. storočia. 
610 2 0 |a veda ekonomická 
610 2 0 |a Slovensko 
610 2 0 |a história 
610 2 0 |a ekonómovia 
100 1 |a Unčovský, Ladislav